<?xml version="1.0" encoding="UTF-8"?><?xml-stylesheet type="text/xsl" href="static/style.xsl"?><OAI-PMH xmlns="http://www.openarchives.org/OAI/2.0/" xmlns:xsi="http://www.w3.org/2001/XMLSchema-instance" xsi:schemaLocation="http://www.openarchives.org/OAI/2.0/ http://www.openarchives.org/OAI/2.0/OAI-PMH.xsd"><responseDate>2026-04-17T14:49:12Z</responseDate><request verb="GetRecord" identifier="oai:riubu.ubu.es:10259/9885" metadataPrefix="marc">https://riubu.ubu.es/oai/request</request><GetRecord><record><header><identifier>oai:riubu.ubu.es:10259/9885</identifier><datestamp>2025-01-14T01:05:35Z</datestamp><setSpec>com_10259_6158</setSpec><setSpec>com_10259_5086</setSpec><setSpec>com_10259_2604</setSpec><setSpec>col_10259_6159</setSpec></header><metadata><record xmlns="http://www.loc.gov/MARC21/slim" xmlns:doc="http://www.lyncode.com/xoai" xmlns:xsi="http://www.w3.org/2001/XMLSchema-instance" xmlns:dcterms="http://purl.org/dc/terms/" xsi:schemaLocation="http://www.loc.gov/MARC21/slim http://www.loc.gov/standards/marcxml/schema/MARC21slim.xsd">
<leader>00925njm 22002777a 4500</leader>
<datafield tag="042" ind1=" " ind2=" ">
<subfield code="a">dc</subfield>
</datafield>
<datafield tag="720" ind1=" " ind2=" ">
<subfield code="a">Miyamoto, Bénédicte</subfield>
<subfield code="e">author</subfield>
</datafield>
<datafield tag="720" ind1=" " ind2=" ">
<subfield code="a">Ojala-Fulwood, Maija</subfield>
<subfield code="e">author</subfield>
</datafield>
<datafield tag="720" ind1=" " ind2=" ">
<subfield code="a">Čapská, Veronika</subfield>
<subfield code="e">author</subfield>
</datafield>
<datafield tag="720" ind1=" " ind2=" ">
<subfield code="a">Bakas, Fiona Eva</subfield>
<subfield code="e">author</subfield>
</datafield>
<datafield tag="720" ind1=" " ind2=" ">
<subfield code="a">Lyman, Igor</subfield>
<subfield code="e">author</subfield>
</datafield>
<datafield tag="720" ind1=" " ind2=" ">
<subfield code="a">Barros del Río, María Amor</subfield>
<subfield code="e">author</subfield>
</datafield>
<datafield tag="720" ind1=" " ind2=" ">
<subfield code="a">Bostenaru Dan, Maria</subfield>
<subfield code="e">author</subfield>
</datafield>
<datafield tag="720" ind1=" " ind2=" ">
<subfield code="a">Comino, Alba</subfield>
<subfield code="e">author</subfield>
</datafield>
<datafield tag="720" ind1=" " ind2=" ">
<subfield code="a">Frigren, Pirita</subfield>
<subfield code="e">author</subfield>
</datafield>
<datafield tag="720" ind1=" " ind2=" ">
<subfield code="a">Konstantinova, Victoria</subfield>
<subfield code="e">author</subfield>
</datafield>
<datafield tag="720" ind1=" " ind2=" ">
<subfield code="a">Martins, Heidi</subfield>
<subfield code="e">author</subfield>
</datafield>
<datafield tag="720" ind1=" " ind2=" ">
<subfield code="a">Prosinger, Lívia</subfield>
<subfield code="e">author</subfield>
</datafield>
<datafield tag="720" ind1=" " ind2=" ">
<subfield code="a">Räsänen, Pauliina</subfield>
<subfield code="e">author</subfield>
</datafield>
<datafield tag="720" ind1=" " ind2=" ">
<subfield code="a">Ristovska-Josifovska, Biljana</subfield>
<subfield code="e">author</subfield>
</datafield>
<datafield tag="720" ind1=" " ind2=" ">
<subfield code="a">Ruiz, Marie</subfield>
<subfield code="e">author</subfield>
</datafield>
<datafield tag="260" ind1=" " ind2=" ">
<subfield code="c">2024-10-25</subfield>
</datafield>
<datafield tag="520" ind1=" " ind2=" ">
<subfield code="a">This article investigates the memorialization of migrant women across transcultural landscapes, and analyses results from the Register of Migrant Women Landmarks in Europe (hereinafter RMWLE), central to the European Cooperation in Science and Technology (COST) action project “Women on the Move” (CA19112 – WEMov). It serves as reference for subsequent research based on data from this Register, for which data collection is continuing. The RMWLE registers toponyms, such as monuments, plaques, streets and other infrastructures named after women with a significant history of migration. It honours aspects rarely prioritized in memorialisation agendas, which are skewed towards men’s stories, and towards the more linear biographies of sedentary figures whose European, national, and regional memorialisation have remained uncomplicated by migration.&#xd;
&#xd;
This Deep Data study reveals recurring patterns at the level of Europe in the memorialisation of these women migrants. The diversity of stories, the richness and the prominence of landmarks devoted to men compared to women is a subject well-covered in memorialisation studies. This unbalance is compounded by the data from our register which shows landmarks on women migrants that are sometime tokenized, often marginalized, and which reproduce the bias towards nurture and care that have besieged the memorialisation of women in general. It further shows that the memorialisation process and the political and cultural mechanisms of official celebration often work against the recognition of cross-border careers and stories.&#xd;
&#xd;
The intersectionality of the project, highlighting both gender and migration, uncovers a political landscape of toponyms – and we reflect on how this register can help combat cultural prejudice by recovering migration episodes. The RMWLE helps us reflect on the defining impact of migration episodes, a reality rarely underlined in the biographies of famous women. This article favours a storytelling approach, to counter dominant cultural narratives and knowledge practices.</subfield>
</datafield>
<datafield tag="024" ind2=" " ind1="8">
<subfield code="a">2732-5121</subfield>
</datafield>
<datafield tag="024" ind2=" " ind1="8">
<subfield code="a">http://hdl.handle.net/10259/9885</subfield>
</datafield>
<datafield tag="024" ind2=" " ind1="8">
<subfield code="a">10.12688/openreseurope.18433.1</subfield>
</datafield>
<datafield tag="024" ind2=" " ind1="8">
<subfield code="a">2732-5121</subfield>
</datafield>
<datafield ind1=" " ind2=" " tag="653">
<subfield code="a">Gender inequality</subfield>
</datafield>
<datafield ind1=" " ind2=" " tag="653">
<subfield code="a">Migration</subfield>
</datafield>
<datafield ind1=" " ind2=" " tag="653">
<subfield code="a">Toponomy</subfield>
</datafield>
<datafield ind1=" " ind2=" " tag="653">
<subfield code="a">Cultural memory</subfield>
</datafield>
<datafield ind1=" " ind2=" " tag="653">
<subfield code="a">Memory politics</subfield>
</datafield>
<datafield ind1=" " ind2=" " tag="653">
<subfield code="a">Critical place-naming</subfield>
</datafield>
<datafield tag="245" ind1="0" ind2="0">
<subfield code="a">Materiality of Memorialisation: Mapping Migrant Women's Landmarks in Europe</subfield>
</datafield>
</record></metadata></record></GetRecord></OAI-PMH>